|
|
|
|
| LEADER |
00000nam a2200000Ia 4500 |
| 008 |
170726b2001 cr ||||| |||| 00| | spa d |
| 999 |
|
|
|c 814
|d 814
|
| 020 |
|
|
|a 996841011X
|
| 090 |
|
|
|a 06.02.01
|b 868
|
| 100 |
1 |
|
|a Naval, Concepción
|9 3026
|
| 245 |
1 |
3 |
|a En torno a la educación moral y cívica: el caso español /
|c Concepción Naval; Concha Iriarte; Javier Laspalas
|
| 260 |
|
|
|a Costa Rica :
|b Promesa,
|c 2001
|
| 300 |
|
|
|a 101 páginas
|
| 490 |
|
|
|a Educación,
|v 6
|
| 650 |
1 |
4 |
|a EDUCACIÓN MORAL
|9 1528
|
| 650 |
1 |
4 |
|a EDUCACIÓN CÍVICA
|9 1363
|
| 650 |
1 |
0 |
|a EDUCACIÓN EN VALORES
|9 719
|
| 700 |
1 |
|
|9 3027
|a Iriarte, Concha
|
| 700 |
1 |
|
|9 3028
|a Laspalas, Javier
|
| 942 |
|
|
|i 001515
|h 06.02.01 868
|2 z
|c 01
|